| 000 | 00357nam a2200145Ia 4500 | ||
|---|---|---|---|
| 008 | 230917s9999||||xx |||||||||||||| ||und|| | ||
| 020 | _cPON10.95 | ||
| 040 |
_e13000 _aMAIN |
||
| 041 | _aEnglish | ||
| 082 | _a515.353 S57N | ||
| 100 | _aSmith, G D | ||
| 245 | 0 | _aNumerical solution of partial differential equations finite | |
| 260 | _c1985 | ||
| 942 | _cBK | ||
| 999 |
_c55460 _d55460 |
||